| 000 | 00596 a2200217 4500 | ||
|---|---|---|---|
| 001 | 3872 | ||
| 005 | 20260407155431.0 | ||
| 008 | 260407a1974 arg spa d | ||
| 003 | AR-UNSa-BCEJYS | ||
| 040 |
_aAR-UNSa-BCEJYS _bspa _cAR-UNSa-BCEJYS |
||
| 080 |
_a349.22:331.106 _xContrato de trabajo |
||
| 245 | 1 | 0 |
_aContratos de trabajo _pLey Nº 20.744 |
| 264 | 1 |
_aCórdoba : _bEdiciones Lerner _c1974 |
|
| 300 |
_a466 p. _c23 cm. |
||
| 041 | _aspa | ||
| 942 | _cBK | ||
| 590 | _aniveau_biblio:m niveau_hierar:0 | ||
| 100 | 1 | _aRuprecht, Alfredo J. | |
| 650 | _aLey 20.744 | ||
| 650 | _a ley 20 744 | ||
| 999 |
_c381 _d381 |
||